| 000 -LEADER |
| fixed length control field |
00348nam a2200145Ia 4500 |
| 008 - FIXED-LENGTH DATA ELEMENTS--GENERAL INFORMATION |
| fixed length control field |
200103s9999||||xx |||||||||||||| ||und|| |
| 020 ## - INTERNATIONAL STANDARD BOOK NUMBER |
| International Standard Book Number |
071313240X |
| 082 ## - DEWEY DECIMAL CLASSIFICATION NUMBER |
| Classification number |
Column-33 |
| 100 ## - MAIN ENTRY--PERSONAL NAME |
| Personal name |
Oxley, A. |
| 245 #0 - TITLE STATEMENT |
| Title |
Mechanical Engineering Science |
| 260 ## - PUBLICATION, DISTRIBUTION, ETC. (IMPRINT) |
| Name of publisher, distributor, etc |
Edward Arnold & Co., London |
| Date of publication, distribution, etc |
1970 |
| 300 ## - PHYSICAL DESCRIPTION |
| Extent |
x, 294 |
| 942 ## - ADDED ENTRY ELEMENTS (KOHA) |
| Item type |
Books |